| 000 | 00627nam a22001937a 4500 | ||
|---|---|---|---|
| 003 | OSt | ||
| 008 | 260624b |||||||| |||| 00| 0 eng d | ||
| 020 | _a9788119105526 | ||
| 082 |
_a571.538 _bS62O |
||
| 100 | _aSivaji, M. | ||
| 245 | _aObjectives of Plant Tissue Culture Molecular Biology and Biochemistry / by M. Sivaji, S. Pandarinathan | ||
| 260 |
_aNew Delhi: _bInternational Books & Periodicals Supply Service, _c2025 |
||
| 300 | _aix, 264 p. | ||
| 650 | _aNatural sciences & mathematics (Pure Sciences) | ||
| 650 | _aBiology | ||
| 650 | _aPlant Tissue Culture | ||
| 700 | _a Pandarinathan, S. | ||
| 942 |
_2ddc _cBK |
||
| 999 |
_c52285 _d52285 |
||